It looks like you're offline.
Open Library logo
additional options menu

MARC Record from Library of Congress

Record ID marc_loc_2016/BooksAll.2016.part41.utf8:304020587:781
Source Library of Congress
Download Link /show-records/marc_loc_2016/BooksAll.2016.part41.utf8:304020587:781?format=raw

LEADER: 00781cam a22002537i 4500
001 2014422614
003 DLC
005 20151020081920.0
008 140218s2013 ag 000 0 spa
010 $a 2014422614
020 $a9789871877461
035 $a(AR-BaFGC)gc0-166633/10
040 $aDLC$beng$cDLC$dDLC$erda
042 $apcc
050 00 $aMLCS 2015/41528 (PQ)
100 1 $aLópez, Fernando$q(Fernando Eudoro)
245 10 $aNo te rías si me muero /$cFernando López.
264 1 $aCórdoba :$bRaíz de Dos,$c2013.
300 $a92 pages ;$c22 cm.
336 $atext$2rdacontent
337 $aunmediated$2rdamedia
338 $avolume$2rdacarrier
490 0 $aNarrativa argentina
490 0 $aDivertidas, peligrosas e intricadas aventuras de Philip Lecoq, detective ;$v3